000 02528nam a2200265Ia 4500
003 OSt
005 20210818144221.0
008 210310s1998 xx ad fr 000 0dspa d
020 _a9586950050
040 _aCO-JMCR
_cCO-JMCR
041 0 _aspa
082 0 4 _a339.52 /
_bC617p
_223
100 1 _aClavijo Vergara, Sergio,
_917091
_eautor
245 1 0 _aPolítica fiscal y Estado en Colombia /
_cSergio Clavijo
250 _aPrimera edición
260 _aBogotá :
_bBanco de la República : Universidad de los Andes,
_c1998
300 _axxx, 529 páginas :
_bilustraciones y gráficas a blanco y negro ;
_c24 cm.
500 _aIncluye datos biográficos del autor.
504 _aBibliografía al final de cada capítulo.
505 0 _aFunciones estatales: bases conceptuales y realidades históricas en Colombia -- Evolución de los impuestos, del gasto y del ahorro público -- El proceso de descentralización del gasto público -- Evolución de la financiación y alcances de la educación pública -- Evolución de la financiación y alcances de la salud pública -- El gasto social e indicadores de progreso humano -- La fuerza pública, el conflicto interno y sus costos fiscales -- La justicia en Colombia, su desempeño y sus costos fiscales -- La reforma y la incidencia fiscal del pasivo pensional -- Proyecciones fiscales para el periodo 1998-2002 y síntesis histórica 1990-2002
520 3 _aEstudiar el Estado colombiano era, hasta hace solo unas cinco décadas, aventurarse a descifrar la relación entre el poder y la gramática. Sin embargo, el país económico fue avanzando lentamente hasta llegar a entender que no era posible gobernar con versos; que era necesaria la econometría, la regulación económica, la visión macro-social. Política Fiscal y Estado en Colombia se presenta como un libro de carácter didáctico, escrito para no-especialistas, con una visión histórica que provee un panorama sobre la estructuración del sector público colombiano, tanto en términos de funcionamiento actual como de los grandes cambios que implicó la constitución de 1991. Presenta a su vez, los arreglos institucionales que han gobernado el funcionamiento de áreas tan vitales como la educación, la salud, la justicia, la fuerza pública y se pregunta sobre la coherencia de estos arreglos, a la luz de la profundización de la descentralización política y fiscal del país.
650 1 4 _aPolítica fiscal
_917123
_zColombia
650 2 4 _aGastos públicos
_zColombia
_96959
942 _2ddc
_cBK
999 _c8387
_d8387